000
00279nam a22001337a 4500
008
180921b xxu||||| |||| 00| 0 eng d
020
_a
0486218007
041
_a
eng
080
_a
574
100
_a
9
101
_a
MJE
245
_a
Winter Botany
_c
Trelease,W
942
_2
udc
_c
BK
999
_c
48219
_d
48219